| 000 | 00718nam a22002537a 4500 | ||
|---|---|---|---|
| 003 | CHAP | ||
| 005 | 20220329135151.0 | ||
| 008 | 971013s1971 r 00010 d | ||
| 010 | _a32016 | ||
| 011 | _a32988 | ||
| 035 | _a37103 | ||
| 040 | _cCHAP | ||
| 090 | _aFolleto 5687 | ||
| 110 |
_aNew Zeland Forest Service. Wellington _981051 |
||
| 245 | _aSafety at fires and controlled burns | ||
| 260 |
_aWellington : _bNZFS, _c1971 |
||
| 300 |
_a19 p. _b: ilus. |
||
| 590 |
_aBATCH-UPD _b10 _c20130110 _lUCH01 _h1327 |
||
| 590 |
_aCONVERSION _b10 _c20130109 _lUCH01 _h1318 |
||
| 650 | 1 | 4 |
_aBosques _xIncendios _xControl. _914218 |
| 901 | _aBK | ||
| 942 | _cFOLL | ||
| 949 |
_aFolleto 5687 _bBC _cFOLL _d-85111 _eTS1 _i37103 _si |
||
| 999 |
_c32016 _d32016 |
||